000 00888cam a2200253 a 4500
003 CO-ViMGA
005 20230915232212.0
008 010828r19991998mx a r 00011 spa d
020 _a9789681657154
040 _aCO-ViMGA
_bspa
_cCO-ViMGA
041 1 _hger
043 _ae-gx---
082 0 4 _aI833.91
_bK17n
_219 ed.
100 1 _aKasparavicius, Kestutis.
_92469
245 1 0 _aNavidad en familia /
_cKestutis Kasparavicius ; versión libre a partir de los versos de Paul Maar ; traducción de Alberto Cué.
260 _aMéxico :
_bFondo de Cultura Económica,
_c1998.
300 _a[25] p. :
_bil. ;
_c27 cm.
534 _pTítulo original.
_tWeihnachten bei familie bar.
650 1 4 _aAnimales
_aCuentos infantiles.
_91729
650 1 4 _aCuentos de navidad.
_92470
650 1 4 _aCuentos infantiles alemanes.
_994
700 1 _aCué, Alberto,
_etr.
_92471
942 _2ddc
_cBK
999 _c33805
_d33805